| 000 | 00394cam a2200157ua 4500 | ||
|---|---|---|---|
| 041 |
_aeng _h |
||
| 082 |
_a531.072 _bPRE/AD |
||
| 100 | _aPreston, R D . | ||
| 245 |
_aAdvances in botanical research, Vol 2 / _cR D Preston. _hTextual Documents |
||
| 250 |
_a1 / _b. |
||
| 260 |
_aNew York : _bAcademic Press , _c1965. |
||
| 300 | _a382 ; . | ||
| 504 | _a | ||
| 942 | _cBK | ||
| 999 |
_c9621 _d9621 |
||